Famous Comedy Teams Quiz Stats

 Plays Quiz Updated Apr 22, 2015

Challenge
Share
Tweet
Score 0/20 Timer 05:00
0 Plays Today
Comedy Team % Correct
Beavis & Butthead
92.2%
Bert & Ernie
88.1%
Sonny & Cher
87.1%
The Marx Brothers
82.9%
The Three Stooges
81.2%
Laurel & Hardy
80.5%
Penn & Teller
78.8%
Cheech & Chong
77.8%
Abbott & Costello
67%
Harold & Kumar
64.5%
Comedy Team % Correct
Monty Python
63.1%
Martin & Lewis
58.4%
The Smothers Brothers
50.3%
Kenan & Kel
48.3%
Burns & Allen
43.4%
Rowan & Martin
40.8%
Fry & Laurie
40.2%
Amos & Andy
39.9%
Edgar Bergen & Charlie McCarthy
22.4%
Morecambe & Wise
12.4%

You're not logged in!

Compare scores with friends on all Sporcle quizzes.
OR
Log In

You Might Also Like...

Show Comments

Extras

Top Quizzes Today


Score Distribution

Your Account Isn't Verified!

In order to create a playlist on Sporcle, you need to verify the email address you used during registration. Go to your Sporcle Settings to finish the process.

Report this User

Report this user for behavior that violates our Community Guidelines.

Details: